Responses for show #4442 - Tuesday, December 23, 2003

Contestants

Bernadette Price, a marketing manager from Mahopac, New York

Andy Thomas, a U.S. Air Force nurse originally from Huntsville, Alabama

Erika Rogers, a bartender from Indianapolis, Indiana (whose 3-day cash winnings total $40,599)

Jeopardy! Round responses

FROM RUSSIA WITH LOVE
CASINO ROYALE
DYE ANOTHER DAY
(Alex: Note the spelling of "dye".)
ON HER MAJESTY'S SECRET SERVICE
THE "WORLD" IS NOT ENOUGH
OTHER ROLES OF BIG SCREEN BONDS
    $200 11
Doctor Zhivago

Andy
    $200 26
(Alex: With less than a minute to go.)

Monaco

Erika
    $200 20
red

Andy
    $200 6
military intelligence

Andy
    $200 15
world's fairs

Bernadette
    $200 1
Sean Connery

Andy
    $400 12
War and Peace

Bernadette
    $400 30
Atlantic City

Erika
    $400 21
(Bernadette: What is batik?)

tie-dye

ErikaBernadette
    $400 7
cover

Bernadette
    $400 16
"Joy to the World"

Erika
    $400 2
Pierce Brosnan

Andy
    $600 13
Crime and Punishment

Bernadette
    $600 29
Cairo

Erika
    $600 22
Mediterranean

Erika
    $600 8
Normandy

Andy
    $600 17
ABC's Wide World of Sports

Bernadette
    $600 3
Roger Moore

Triple Stumper
    $800 14
Uncle Vanya

Erika
    $800 28
Ontario

Andy
    $800 23
indigo

Erika
    $800 9
KGB

Erika
    $800 18
the World Court

Bernadette
    $800 4
(Andy: Who was George Lazenby?)

Timothy Dalton

ErikaAndy
    $1000 25
(Nikolai) Gogol

Bernadette
    $1000 27
the Bahamas

Andy
    $1000 24
color fast

Andy
    $1000 10
20 (XX)

Andy
    $1,000 19
U.S. News and World Report

Bernadette
    $1000 5
George Lazenby

Andy

Scores at the first commercial break (after clue 15):

Erika Andy Bernadette
$2,400 $2,800 $1,600

Scores at the end of the Jeopardy! Round:

Erika Andy Bernadette
$5,800 $5,800 $4,600

Double Jeopardy! Round responses

BOOKS ABOUT SCIENCE
UNUSUAL LYRICS
(Alex: You identify the song; you give us the title.)
U.S. NEIGHBORHOODS
BIBLICAL WOMEN
AMERICAN REGIONAL CUISINE
FRENCH FRY YOUR BRAIN
    $400 25
Einstein

Erika
    $400 8
"Stairway to Heaven"

Erika
    $400 13
Mission

Bernadette
    $400 1
Delilah (said by Samson)

Andy
    $400 6
pork

Bernadette
    $400 21
Leroy ("le roi")

Bernadette
    $800 28
The Double Helix

Bernadette
    $800 9
"Bohemian Rhapsody"

Bernadette
    $800 14
Chinatown

Andy
    $800 2
Jezebel

Andy
    $800 7
potato

Erika
    $800 22
apres-ski

Bernadette
    $1200 29
(Andy: What is quantum physics?)

calculus

Andy
Triple Stumper
    $1200 18
"Riders on the Storm"

Erika
    $1200 15
(Bernadette: What is Dallas?)

Houston

AndyBernadette
    $1200 3
Miriam

Bernadette
    $1200 10
Albuquerque

Andy
    $2,000 23
intermission

Bernadette
    $1,500 30
Chaos

Bernadette
    $1600 19
"Money"

Erika
    $1600 16
Cincinnati

Bernadette
    $1600 4
Sarah

Andy
    $1600 11
Karo pie

Andy
    $1600 24
brochure

Andy
    $2000 27
Oliver Sacks

Bernadette
    $2000 20
"The Ballad of the Green Berets"

Erika
    $2000 17
Upper West Side

Triple Stumper
    $2000 5
(Andy: Who are Rebecca & Rachel?)
(Bernadette: Who are Rebecca & Leah?)

Rachel & Leah

AndyBernadette
Triple Stumper
    $2000 12
(Erika: What is Mississippi?)

Louisiana

ErikaAndy
    $2000 26
(Alex: We have a minute to go now, Erika.)

en masse

Triple Stumper

Scores at the end of the Double Jeopardy! Round:

Erika Andy Bernadette
$10,200 $13,800 $13,300

[wagering suggestions for these scores]

Final Jeopardy! Round responses

THE SUPREME COURT
(Alex: 114 days.)
ErikaWho is Thomas?
$0
BernadetteWho is Clarence Thomas?
$13,000
AndyWho is Thomas
$13,300
Clarence Thomas

Final scores:

Erika Andy Bernadette
$10,200 $27,100 $26,300
3rd place: $1,000 New champion: $27,100 2nd place: $2,000

Game dynamics:

Coryat scores:

Erika Andy Bernadette
$10,200 $13,800 $12,600
16 R,
1 W
20 R,
3 W
19 R
(including 3 DDs),
3 W

Combined Coryat: $36,600

The J! Archive is created by fans, for fans. The Jeopardy! game show and all elements thereof, including but not limited to copyright and trademark thereto, are the property of Jeopardy Productions, Inc. and are protected under law. This website is not affiliated with, sponsored by, or operated by Jeopardy Productions, Inc. Join the discussion at JBoard.tv.